00675nam a22001817a 450000500170000000800410001702000150005805000200007324500980009325000110019126000720020226000790027430000270035350400270038065000330040765000240044070000290046420150605103712.0150605b mx ||||| |||| 00| 0 spa d a970934761604aQL655bA54 200300aAnfibios y reptiles de la sierra de Huautla :bEstado de Morelos /cRafael Aguilar...[et a.]. a1a ed. aCuernavaca, Morelos :bUniversidad autónoma del Estado de Morelos bCentro de Educación Ambiental e Investigación Sierra de Huautla,c2003 a32 p. :bil. ;c22 cm. aIncluye bibliografía 4aReptiles y anfibioszMorelos 4aZoologíazMorelos1 aAguilar, Rafael,ecoaut.